| 000 | 01078nam a22002297a 4500 | ||
|---|---|---|---|
| 005 | 20080624115738.0 | ||
| 008 | 080624t xxu||||| |||| 00| 0 hin d | ||
| 010 | _aHIN-46046 | ||
| 020 | _c30.00 | ||
| 035 | _aHN-27361 | ||
| 035 | _aA-987863 | ||
| 037 | _bDBAD | ||
| 040 |
_adpl _bHN |
||
| 082 | _a615.321 / शर्मारा | ||
| 100 |
_aशर्मा, राजीव _948782 |
||
| 245 |
_aजड़ी बूटियों से इलाज _cराजीव शर्मा |
||
| 260 |
_aनई दिल्ली _bडायमंड कामिक्स _c1999 |
||
| 300 |
_a128पृ. _c23सेमी |
||
| 942 |
_cHN _2ddc _h615.321 _mशर्मारा |
||
| 999 |
_c13929 _d13929 |
||